000 00486nam a2200193 a 4500
001 1771067063571
003 YourLibrary
005 20260214163805.0
008 260214s2006##################000#0#eng##
020 _a9780691128009
082 0 4 _a306.7086
_bKOV
100 1 _aKoven, Seth,
_eauthor.
245 1 0 _aSlumming :
260 _bPrinceton University Press,
_c2006.
300 _a420 pages
650 0 _aHistory.
942 _cENGLISH
040 _aYourLibrary
_beng
_cYourLibrary
999 _c612539
_d612539